Normal view
MARC view
Entry Personal Name
001 - CONTROL NUMBER
- control field: 8777
003 - CONTROL NUMBER IDENTIFIER
- control field: BD-RjUL
005 - DATE AND TIME OF LATEST TRANSACTION
- control field: 20230904174742.0
008 - FIXED-LENGTH DATA ELEMENTS
- fixed length control field: 230904|| aca||aabn | a|a d
040 ## - CATALOGING SOURCE
- Original cataloging agency: BD-RjUL
- Transcribing agency: BD-RjUL
100 ## - HEADING--PERSONAL NAME
- Personal name: Chowdhury, Mohammad. Rocky Khan
670 ## - SOURCE DATA FOUND
- Source citation: Work cat.: (BD-RjUL)81848: Chowdhury, Mohammad. Rocky Khan, Complementary feeding pattern and socio-demographic factors associated with under-five child malnutrition in Bangladesh /, 2021